|
|
|
|
| LEADER |
00906nam a2200241 a 4500 |
| 001 |
27766 |
| 003 |
BD-DhAAL |
| 008 |
131119s2010 ii 000 0 mul d |
| 020 |
|
|
|a 9780195689648
|
| 020 |
|
|
|a 019568964X
|
| 040 |
|
|
|a BD-DhAAL
|c BD-DhAAL
|
| 082 |
0 |
0 |
|a 423/.9144
|2 22
|
| 999 |
|
|
|c 14094
|d 14094
|
| 999 |
|
|
|c 10293
|
| 245 |
1 |
0 |
|a Oxford :
|b English-English-Bengali dictionary /
|c Editors, Moitreyee Mitra & Dipendranath Mitra
|
| 260 |
|
|
|a New Delhi :
|b Oxford University Press,
|c 2013
|
| 300 |
|
|
|a xvii, 1486 p. ;
|c 24 cm.
|
| 541 |
1 |
|
|e 27766
|
| 650 |
|
0 |
|a English language
|v Dictionaries
|x Bengali.
|9 3541
|
| 700 |
1 |
|
|a Kamruzzaman,Md Khan
|9 3542
|
| 852 |
4 |
|
|a Ayesha Abed Library
|j General shelf
|
| 942 |
|
|
|2 ddc
|c BK
|
| 952 |
|
|
|0 0
|1 2
|2 ddc
|4 0
|6 423_914400000000000_OXF
|7 0
|9 23711
|a BRACUL
|b BRACUL
|c REF
|d 2013-11-19
|e Book View
|g 660.00
|l 1
|m 5
|o 423.9144 OXF
|p 3010027766
|q 2019-11-18
|r 2014-09-16
|s 2014-09-16
|t 1
|w 2013-11-19
|y BK
|